00315nam a2200145Ia 4500100001800000650003100018250000600049366000700055654001600062245001600078260002800094082001500122300000800137546002400145 aVeerarajan/T  aProbability and statistics a3 f25 aprobability aProbability bMCGRAW HILL PUBL.c2008 a519.2bVEE a595 aENGLISHcproduction